MDQL
is popping MORE tags! Check the
thread
!
Quizzes
Events
Quiz Creation
Community
Videos
Private Events
Remove Ads
Sign In
Join for FREE
Feedback
Dark Mode
Quiz Categories
Sports
Geography
Music
Movies
Television
Just For Fun
Miscellaneous
History
Literature
Language
Science
Gaming
Entertainment
Religion
Holiday
For Kids
Quiz Lab
Recent
Popular Today
Quiz Kudos Today
Editor Picks
Curator Picks
Quizzes by...
Day
Popularity
Type
Ratings
Length
Year
Community
Subscriptions
Recent Discussions
Orange Saloon
Badges
Playlists
Quests
Create
Leaderboards
Showdown
Live 5
Trivia Bingo
Activity
Puzzle Library
Sporcle Events
Private Events
Virtual Trivia
Globe League
Become a Host
Pub Owners
SporcleCon
Opinionation
Our Games
Videos
Blog
Mobile Apps
Partnerships
Remove Ads and Go Orange
Feedback
Music
Pop Music
The Beatles
Song
Album
Lyrics
Bands
Singers
Artist
Clip
Rock
Rap
Classical
Billboard
Country Music
Kpop
Taylor Swift
Music
Pop Music
The Beatles
Song
Album
Lyrics
Bands
Singers
Artist
Clip
Rock
Rap
Classical
Billboard
Country Music
Kpop
Taylor Swift
Random Quiz
Search Sporcle
×
Quiz Lab
Quiz Lab
Music
Album
Type in answers that appear in a list
Type in answers that appear in a list
Classic
Best Score? Go Orange.
Sir Paul McCartney albums Stats
Can you name the non-Beatles albums on which all of the material is written and/or performed by Paul?
By
Monkberry
10m
46 Questions
231 Plays
231 Plays
231 Plays
Comments
Comments
Give Quiz Kudos
Give Quiz Kudos
-
- Ratings
hide this ad
Replay
Link that replays current quiz
Next Quiz
Link to next quiz in quiz playlist
You Got
0%
They Got
Avg Score
44%
Avg Friend Score
Upgrade to see
Score Distribution
Jump to the score distribution portion of the page
Score
0/46
Timer
10:00
0
Plays Today
Answer
% Correct
McCartney
95.7%
Band on the Run
90.9%
Ram
84.4%
McCartney II
83.1%
Venus and Mars
77.1%
Red Rose Speedway
75.3%
Tug of War
70.6%
Wild Life
69.7%
Back to the Egg
69.3%
London Town
68.8%
Pipes of Peace
68.8%
Wings at the Speed of Sound
68.4%
Flaming Pie
67.5%
Wings over America
66.2%
Give My Regards to Broad Street
62.8%
Memory Almost Full
62.8%
Chaos and Creation in the Backyard
62.3%
Flowers in the Dirt
58%
Press to Play
54.5%
Driving Rain
52.4%
Off the Ground
51.5%
Paul is Live
47.6%
Run Devil Run
47.6%
Answer
% Correct
The Family Way
46.8%
Back in the U.S.
45.9%
Tripping the Live Fantastic
42.9%
Wings Greatest
41.1%
All the Best!
39%
Thrillington
32%
Electric Arguments
28.1%
Choba B CCCP
27.3%
Back in the World
27.3%
Good Evening New York City
23.4%
Standing Stone
21.2%
Rushes
16.9%
Liverpool Sound Collage
16%
Working Classical
14.3%
Twin Freaks
13%
Strawberries Oceans Ships Forest
11.3%
Ecce Cor Meum
10.8%
McGear
8.2%
Wingspan: Hits and History
7.8%
Amoeba's Secret
6.9%
Paul McCartney's Liverpool Oratorio
5.6%
Unplugged (The Official Bootleg)
3.5%
Paul McCartney Live in Los Angeles
3.5%
Quiz Playlist
Details
Report
Send in Message
Add To Playlist
Classic:
Type in answers that appear in a list
Last Updated: Feb 16, 2017
Quiz Scoreboard
CHALLENGE
Sign Up to Join the Scoreboard
Show All
Scores
Hide
Comments
May contain spoilers
Recently Published
Holiday 10x10 Sorting Gallery
by lukepisani3
Holiday
15m
Two Season TV Shows II
by 123Four
Television
10m
Image Sorting: Flags VI
by Barbecue
Geography
2m
More to Explore
Quiz From the Vault
Featured Blog Post
14 Easter Pick-up Lines to Find Eggs With
hide this ad
You Might Also Like...
Tags
Album Quiz
Material
McCartney
paul
Performed
Written
Today's Top Quizzes in Music
Browse Music
hide this ad
Today's Top Quizzes in Album
Browse Album
Top Contributed Quizzes in Music
1
5X2 Blitz: Bands II
2
5X2 Blitz: The Beatles
3
Taylor Swift All Songs (2024)
4
5X2 Blitz: Billboard
5
5X2 Blitz: Billboard II
6
Music Artist by Three 2010s hits
7
5X2 Blitz: Album
8
5X2 Blitz: Rock
9
5X2 Blitz: Singers
10
5X2 Blitz: Lyrics
Explore More
Trending Topics
Disney
Marvel
Crossword
Anime
Kpop
NBA
Harry Potter
Country
Soccer
WWE
The Office
Puzzle
NFL
Pokémon
Song
hide this ad
More By:
Monkberry
Quiz
Plays
Rating
Category
Featured
Created
Mike Gordon-written Phish songs
403
4.33
Music
Jun 21, 2011
Sir Paul McCartney albums
231
5.00
Music
Jun 23, 2011
Go to Creator's Profile
Score Distribution
Quiz Creator Spotlight
Monkberry
Follow
Send a Message
Quizzes Created
-
Created Quiz Play Count
-
More By This Creator
Popular Quizzes Today
1
Find the US States - No Outlines Minefield
2
Colored Red Africa Blitz
3
Find the 'City' Movie
4
The Countries of the World
5
5x2 Blitz: Bands
6
Find the Countries of Europe - No Outlines Minefield
7
Find the US States
8
US States
More Music Quizzes
Guess the Hamilton lyrics [33]
Quiz Lab
Trending Quizzes
Colored Red Europe Blitz I
Colored Red Africa Blitz II
Colored Red Europe Blitz II
Even More Two Season TV Shows
Colored Red Africa Blitz III
Recently Updated
Quick Pick: 20 Twenties
pecheneg
March Madness Men's Triple Doubles
pecheneg
How Do You Spell That?
pecheneg
Godzilla Movies
pecheneg
Grab Bag: 4-10 Letters
pecheneg
2024 March Madness Bracket
pecheneg
Famous TV Couples
Peacemaker
Champions League XIs: Real Madrid
pecheneg
Largest US Cities 1790-2010
pecheneg
Rides in Walt Disney World
pecheneg
Trending Topics
Marvel
Crossword
Disney
Anime
Kpop
Harry Potter
NBA
The Office
Song
Soccer
WWE
Country
Pokémon
NFL
Puzzle
Your Account Isn't Verified!
In order to create a playlist on Sporcle, you need to verify the email address you used during registration. Go to your
Sporcle Settings
to finish the process.
Report this User
Report this user for behavior that violates our
Community Guidelines
.
Details:
Send Report
Go to the Sporcle.com Mobile Site →
Comments